Logo CIB grande

PRINCIPIOS GENERALES DE MICROBIOLOGIA (Registro nro. 210253)

Detalles MARC
000 -LEADER
campo de control de longitud fija 00518nam a2200217Ia 4500
005 - FECHA Y HORA DE LA ÚLTIMA TRANSACCIÓN
campo de control 20250425161504.0
008 - DATOS DE LONGITUD FIJA--INFORMACIÓN GENERAL
campo de control de longitud fija 250425s9999 xx 000 0 und d
020 ## - NÚMERO INTERNACIONAL ESTÁNDAR DEL LIBRO
Número Internacional Estándar del Libro 576S7911
041 ## - CÓDIGO DE IDIOMA
Código de lengua del texto/banda sonora o título independiente spa
082 ## - NÚMERO DE LA CLASIFICACIÓN DECIMAL DEWEY
Número de clasificación 574
010 ## - NÚMERO DE CONTROL DE LA BIBLIOTECA DEL CONGRESO
Número de control de LC 21426
100 ## - ENTRADA PRINCIPAL--NOMBRE DE PERSONA
Nombre de persona PALLERONI, NORBERTO
245 #0 - MENCIÓN DEL TÍTULO
Título PRINCIPIOS GENERALES DE MICROBIOLOGIA
250 ## - MENCION DE EDICION
Mención de edición 1A ED.
260 ## - PUBLICACIÓN, DISTRIBUCIÓN, ETC.
Lugar de publicación, distribución, etc. Estados Unidos
Nombre del editor, distribuidor, etc. OEA
Fecha de publicación, distribución, etc. 1980
260 ## - PUBLICACIÓN, DISTRIBUCIÓN, ETC.
Lugar de publicación, distribución, etc. WASHINGTON
300 ## - DESCRIPCIÓN FÍSICA
Extensión 143
500 ## - NOTA GENERAL
Nota general SERIE DE BIOLOGÍA Nº 7
650 ## - PUNTO DE ACCESO ADICIONAL DE MATERIA--TÉRMINO DE MATERIA
Término de materia o nombre geográfico como elemento de entrada MICROBIOLOGIA
942 ## - ELEMENTOS DE ENTRADA SECUNDARIOS (KOHA)
Tipo de ítem Koha Libros
Existencias
Estatus retirado Estado de pérdida Estado de daño No para préstamo Biblioteca de origen Biblioteca actual Fecha de adquisición Coste, precio normal de compra Total de préstamos Código de barras Copia número Tipo de ítem Koha
        CENTRO DE INFORMACIÓN BIBLIOTECARIA CENTRO DE INFORMACIÓN BIBLIOTECARIA 16/06/2004 0.01   D-9916 1 Libros

Copyright 2025 ESPOL. Todos los derechos reservados.